| 000 | 01071nam a22002537a 4500 | ||
|---|---|---|---|
| 005 | 20170124103054.0 | ||
| 010 | _aA-890973 | ||
| 020 |
_c125.00 _a8170554764 |
||
| 035 | _aA-890973 | ||
| 037 | _bCen Lib/Ret | ||
| 040 |
_aDPL _bHN |
||
| 082 |
_aक _bसक्सेना |
||
| 100 |
_aसक्सेना, सर्वेश्वरदयाल _951301 |
||
| 245 |
_aबदला हुआ कोण / _cसर्वेश्वरदयाल सक्सेना |
||
| 246 |
_aBadla hua kauna / _bby Sarveshwardayal Saxena |
||
| 260 |
_aनई दिल्ली _bवाणी प्रकाशन _c1997 |
||
| 270 |
_bनई दिल्ली _a21-ए, दरियागंज _e110002 |
||
| 300 |
_a140पृ. _c18सेमी (सजिल्द) |
||
| 650 |
_aहिन्दी साहित्य _971361 |
||
| 650 |
_aहिन्दी साहित्य -- कहानियां _971362 |
||
| 650 |
_aHindi literature _971363 |
||
| 650 |
_aHindi literature -- Stories _971364 |
||
| 942 |
_2ddc _cHN _hक _mसक्सेना |
||
| 999 |
_c117326 _d117326 |
||